| 000 -LEADER |
| fixed length control field |
00837nam a2200217Ia 4500 |
| 001 - CONTROL NUMBER |
| control field |
12621 |
| 003 - CONTROL NUMBER IDENTIFIER |
| control field |
GE_BSU |
| 008 - FIXED-LENGTH DATA ELEMENTS--GENERAL INFORMATION |
| fixed length control field |
181216s||||||||xx |||||||||||||| ||und|| |
| 040 ## - CATALOGING SOURCE |
| Transcribing agency |
GE_BSU |
| 080 ## - UNIVERSAL DECIMAL CLASSIFICATION NUMBER |
| Universal Decimal Classification number |
630.1(479.22) |
| 100 ## - MAIN ENTRY--PERSONAL NAME |
| Personal name |
Квачахидзе,Р.К. |
| 245 ## - TITLE STATEMENT |
| Title |
Высокогорные леса южного склона большогКавказа и основные направления их смен |
| 245 ## - TITLE STATEMENT |
| Remainder of title |
В пределах Грузинской ССР |
| 260 ## - PUBLICATION, DISTRIBUTION, ETC. |
| Place of publication, distribution, etc. |
Москва |
| 260 ## - PUBLICATION, DISTRIBUTION, ETC. |
| Name of publisher, distributor, etc. |
Мецниереба |
| 260 ## - PUBLICATION, DISTRIBUTION, ETC. |
| Date of publication, distribution, etc. |
1979 |
| 300 ## - PHYSICAL DESCRIPTION |
| Extent |
216стр.илл.22см. |
| 300 ## - PHYSICAL DESCRIPTION |
| Accompanying material |
Список растении с.212-216 |
| 653 ## - INDEX TERM--UNCONTROLLED |
| Uncontrolled term |
Высокогорные леса южного склона большого Кавказа и основные направления их смен |
| 942 ## - ADDED ENTRY ELEMENTS (KOHA) |
| Koha item type |
წიგნი |